<?xml version="1.0" encoding="UTF-8"?><?xml-stylesheet type="text/xsl" href="static/style.xsl"?><OAI-PMH xmlns="http://www.openarchives.org/OAI/2.0/" xmlns:xsi="http://www.w3.org/2001/XMLSchema-instance" xsi:schemaLocation="http://www.openarchives.org/OAI/2.0/ http://www.openarchives.org/OAI/2.0/OAI-PMH.xsd"><responseDate>2026-04-30T01:34:10Z</responseDate><request verb="GetRecord" identifier="oai:riubu.ubu.es:10259/4869" metadataPrefix="marc">https://riubu.ubu.es/oai/request</request><GetRecord><record><header><identifier>oai:riubu.ubu.es:10259/4869</identifier><datestamp>2022-04-26T11:42:10Z</datestamp><setSpec>com_10259_2699</setSpec><setSpec>col_10259_2701</setSpec></header><metadata><record xmlns="http://www.loc.gov/MARC21/slim" xmlns:doc="http://www.lyncode.com/xoai" xmlns:xsi="http://www.w3.org/2001/XMLSchema-instance" xmlns:dcterms="http://purl.org/dc/terms/" xsi:schemaLocation="http://www.loc.gov/MARC21/slim http://www.loc.gov/standards/marcxml/schema/MARC21slim.xsd">
<leader>00925njm 22002777a 4500</leader>
<datafield tag="042" ind1=" " ind2=" ">
<subfield code="a">dc</subfield>
</datafield>
<datafield tag="720" ind1=" " ind2=" ">
<subfield code="a">Melgosa Gómez, Rodrigo</subfield>
<subfield code="e">author</subfield>
</datafield>
<datafield tag="260" ind1=" " ind2=" ">
<subfield code="c">2018</subfield>
</datafield>
<datafield tag="520" ind1=" " ind2=" ">
<subfield code="a">Los métodos convencionales de producción de concentrados de ácidos grasos poliinsaturados omega–3 utilizan disolventes orgánicos con alto impacto ambiental, así como altas temperaturas perjudiciales para los fácilmente oxidables omega–3. Alternativamente, las tecnologías de fluidos supercríticos (FSCs) pueden superar estos inconvenientes, haciendo posible obtener omega–3 sin residuos de disolvente en condiciones suaves y no oxidativas.&#xd;
Combinando las ventajas de los FSCs con la tecnología enzimática, esta Tesis investiga la etanolisis de aceite de pescado catalizada por lipasas en dióxido de carbono supercrítico (CO2-SC), centrándose en aspectos importantes de la reacción, como los efectos de la exposición al CO2-SC en varias lipasas, el equilibrio entre fases del sistema de reacción a altas presiones y la cinética de la reacción de etanolisis en CO2-SC.&#xd;
Además, se ha encapsulado un concentrado de omega–3 mediante PGSS-drying, obteniendo micropartículas con alta carga de compuesto bioactivo y buena estabilidad frente a la oxidación.</subfield>
</datafield>
<datafield tag="024" ind2=" " ind1="8">
<subfield code="a">http://hdl.handle.net/10259/4869</subfield>
</datafield>
<datafield tag="024" ind2=" " ind1="8">
<subfield code="a">10.36443/10259/4869</subfield>
</datafield>
<datafield ind1=" " ind2=" " tag="653">
<subfield code="a">aceite de pescado</subfield>
</datafield>
<datafield ind1=" " ind2=" " tag="653">
<subfield code="a">dióxido de carbono supercrítico</subfield>
</datafield>
<datafield ind1=" " ind2=" " tag="653">
<subfield code="a">cinética enzimática</subfield>
</datafield>
<datafield ind1=" " ind2=" " tag="653">
<subfield code="a">equilibrio entre fases</subfield>
</datafield>
<datafield ind1=" " ind2=" " tag="653">
<subfield code="a">microencapsulación</subfield>
</datafield>
<datafield ind1=" " ind2=" " tag="653">
<subfield code="a">fish oil</subfield>
</datafield>
<datafield ind1=" " ind2=" " tag="653">
<subfield code="a">supercritical carbon dioxide</subfield>
</datafield>
<datafield ind1=" " ind2=" " tag="653">
<subfield code="a">enzyme kinetics</subfield>
</datafield>
<datafield ind1=" " ind2=" " tag="653">
<subfield code="a">phase behavior</subfield>
</datafield>
<datafield ind1=" " ind2=" " tag="653">
<subfield code="a">microencapsulation</subfield>
</datafield>
<datafield tag="245" ind1="0" ind2="0">
<subfield code="a">Fish oil valorization using supercritical carbon dioxide technologies</subfield>
</datafield>
</record></metadata></record></GetRecord></OAI-PMH>